| 000 | 01288nam a22003137a 4500 | ||
|---|---|---|---|
| 005 | 2011081701331.0 | ||
| 008 | 110817t xxu||||| |||| 00| 0 eng d | ||
| 010 | _aENG-103408 | ||
| 020 |
_a9788120343498 _c350.00 |
||
| 035 | _aEN-86941 | ||
| 037 | _bDBAD / PUB | ||
| 040 |
_adpl _bEnglish |
||
| 082 | _a372.21 | ||
| 100 |
_aRoopnarine, Jaipaul L. _932950 |
||
| 245 |
_aApproaches to early childhood education / _cby Jaipaul L. Roopnarine [and] James E. Johnson |
||
| 250 | _a5th ed | ||
| 260 |
_aNew Delhi _bPHI Learning _c2011 |
||
| 270 |
_aM-97, Connaught Circus, _bNew Delhi _e110001 |
||
| 300 |
_axx, 420p. : _c24cm (pbk) _bill. |
||
| 500 | _aIncludes bibliographical references and indexes | ||
| 650 |
_aEarly childhood education _932951 _zUnited States. |
||
| 650 |
_aEducational innovations _932952 _zUnited States |
||
| 650 |
_aEarly childhood educators _xTraining of _932953 _zUnited States. |
||
| 650 |
_aInclusive education |z _zUnited States. _932954 |
||
| 650 |
_aMulticultural education _zUnited States. _932955 |
||
| 700 |
_aJohnson, James E. _932956 |
||
| 942 |
_2ddc _cEN _mROO _h372.21 |
||
| 999 |
_c55516 _d55516 |
||